00474 2200181 4500001002100000005001500021008004100036020001800077035001900095041000700114082000800121090001400129100001800143245003600161260004700197300002000244650002800264INLIS00000000002018720241224115837241224||||||||| | ||| |||| || |  a979-534-237-1 0010-1224020187 aid0 a599 a599 JOH s0 aJinny Johnson00a100 Pengetahuan Tentang MAMALIA aBandungbPakar Raya Pakarnya Pustakac2007 a48hlm;21x29,5cm 0aIlmu Ilmu Tentang Hewan